Teorías de la tópica jurídica

Na minha lista:
Detalhes bibliográficos
Autor principal: García Amado, Juan Antonio (Autor)
Formato: Livro
Idioma:espanhol
Publicado em: Madrid Civitas 1988
coleção:Monografías CIVITAS
Assuntos:
Tags: Adicionar Tag
Sem tags, seja o primeiro a adicionar uma tag!

MARC

LEADER 00000nam a2200000 a 4500
001 UCV2135
003 CL-VaPUC
008 911106e19880000SP |||||||||||||||||spa|d
082 0 4 |a 340.1  |b GAR  |2 21 
100 |a García Amado, Juan Antonio  |e author  |9 560465 
245 1 0 |a Teorías de la tópica jurídica 
300 |a 388 p 
942 |c BK 
945 |d 19911106 00:00:00 
260 |a Madrid  |b Civitas  |c 1988 
650 0 |a Filosofía del derecho   |9 255050 
583 |a last modification  |c 20170612 12:48:14  |k Rodrigo Vera 
490 0 |a Monografías CIVITAS 
999 |c 209818  |d 209816 
952 |0 0  |1 0  |4 0  |6 340_100000000000000_GAR_1988  |7 0  |8 A  |9 185610  |a BIBDER  |b BIBDER  |d 2019-11-14  |i 2530570  |o 340.1 GAR 1988  |p 2530570  |r 2023-01-25  |w 2019-11-14  |y BK  |k DER 
952 |0 0  |1 0  |4 0  |6 340_100000000000000_GAR_1988  |7 0  |8 DER_TF  |9 185611  |a BIBDER  |b BIBDER  |d 2019-11-14  |i 2530589  |o 340.1 GAR 1988  |p 2530589  |r 2023-01-25  |w 2019-11-14  |x Ubicación 4to Piso  |y BK  |z Estos recursos deben solicitarse con anticipación  |k DER